| 000 | 00528nam a2200205 a 4500 | ||
|---|---|---|---|
| 005 | 20140310183434.0 | ||
| 008 | 080116s19uu xx 00 eng d | ||
| 020 | _a0071180524 | ||
| 050 |
_aHF 5429 _b.L4828 2001 |
||
| 100 | _aLevy, Michael | ||
| 245 | _aRetailing management. | ||
| 250 | _a4th ed. | ||
| 260 |
_aU.S.A : _bMcGraw-Hill, _c2001. |
||
| 300 |
_a754 p. : _bcol. ill. ; _c26 cm. |
||
| 521 | _aBSBA | ||
| 650 |
_aRetailing _xManagement. |
||
| 700 | _aWeitz, Barton A. | ||
| 942 |
_cBK _2lcc _kFOR |
||
| 999 |
_c22802 _d22802 |
||